000 00782cam a22002777a 4500
003 CHAP
005 20220329141609.0
008 971013s1953 r 00010 d
010 _a70738
011 _a71710
035 _a81264
040 _cCHAP
082 _a575
_bD37
100 0 0 _aDarlington, Cyril Dean.
_931088
245 1 4 _aThe facts of life
260 _aLondon :
_bAllen & Unwin,
_c1953
300 _a467 p.
_b: ilus
590 _aBATCH-UPD
_b10
_c20130110
_lUCH01
_h0827
590 _aBATCH-UPD
_b10
_c20130410
_lUCH01
_h0505
590 _aBATCH-UPD
_b10
_c20130914
_lUCH01
_h2103
590 _aCONVERSION
_b10
_c20130109
_lUCH01
_h1339
650 1 4 _aVida (BiologĂ­a)
_9119150
901 _aBK
942 _cLIBRO
949 _a575 D37
_bBC
_cBPA
_d-34497
_eBPA
_h8421
_i81264
_si
999 _c70738
_d70738